000 01724nam a2200493 i 4500
001 3826
003 KOSZ 005
005 20200206141858.0
008 971016s1988 pl f f |000 0 pol
015 _aPB 1989/714
020 _a8301086726
035 _a991002896699705066
035 _a(PL-WaBN)b10785619-48omnis_nlop
035 _ab10785619
035 _a(OCoLC)834762851
035 _a(PL)b0000001078561
035 _a(EXLNZ-48OMNIS_NETWORK)9910439697405606
040 _aWA N
_cWA N
_dKOSZ 005/HR
046 _k1988
080 _a331.101.26
080 _a(075.8)
245 0 0 _aEkonomika pracy :
_bmetody aktywnego rozwiązywania problemów.
_nCz. 2,
_pWzory i arkusze oceny wiedzy /
_cpod red. Stanisławy Borkowskiej ; [zespół aut. S. Borkowska et al.
260 _aWarszawa :
_bPańst. Wydaw. Naukowe,
_c1988.
300 _a136 s. ;
_c24 cm.
336 _2rdacontent
_aTekst
_btxt
337 _2rdamedia
_aBez urządzenia pośredniczącego
_bn
338 _2rdacarrier
_aWolumin
_bnc
380 _aKsiążki
380 _aPublikacje dydaktyczne
385 _mPoziom nauczania
_aSZkoły wyższe
388 _a1901-2000
388 _a1945-1989
521 _aDla studentów akademii ekonomicznych i wydz. ekonomicznych innych uczelni.
650 7 _aPraca
_2DBN
650 7 _aPrzedsiębiorstwo
_2DBN
650 7 _aOrganizacja
650 7 _aZarządzanie
_2DBN
655 7 _aPodręczniki akademickie
_2DBN
658 _aZarządzanie i marketing
700 1 _aBorkowska, Stanisława
_d(1939- )
_eRedakcja
856 _uhttp://koha.tu.koszalin.pl/cgi-bin/koha/opac-detail.pl?biblionumber=3826
_yKatalog online BPK
942 _2UKD
_cKS
999 _c3826
_d3826